Đang tải...

Asian approaches to international law and the legacy of colonialism The law of the sea, territorial disputes ad international dispute settlement

Chi tiết về thư mục
Những tác giả chính: edited by Jin-Hyun Paik, Seok-Woo Lee, Kevin Y L Tan
Ngôn ngữ:English
Được phát hành: London Routledge 2013
Những chủ đề:
LEADER 00793nam a22002057a 4500
005 20200730164147.0
008 160404b xxu||||| |||| 00| 0 eng d
020 |a 9781138805026 
041 |a eng 
082 |a 341.61  |b PAI 
100 |a edited by Jin-Hyun Paik  |9 1565 
100 |a Seok-Woo Lee  |9 1566 
100 |a Kevin Y L Tan  |9 1567 
245 |a Asian approaches to international law and the legacy of colonialism  |b The law of the sea, territorial disputes ad international dispute settlement 
260 |a London  |b Routledge  |c 2013 
300 |a 164p. 
650 |a INTERNATIONAL LAW  |a INTERNATIONAL DISPUTES SETTLEMENT  |a LAW OF SEA  |9 1568 
942 |c SAP  |6 _ 
999 |c 207580  |d 207580 
952 |0 0  |1 0  |4 0  |6 34161_PAI  |7 0  |9 264175  |a SLS  |b SLS  |c SAP  |d 2016-04-04  |o 341.61 PAI  |p SLS029898  |r 2016-04-04  |w 2016-04-04  |y SAP